Game development and production / (Record no. 185246)
[ view plain ]
| 000 -LEADER | |
|---|---|
| fixed length control field | 00841 a2200229 4500 |
| 003 - CONTROL NUMBER IDENTIFIER | |
| control field | Nust |
| 005 - DATE AND TIME OF LATEST TRANSACTION | |
| control field | 20230330110532.0 |
| 010 ## - LIBRARY OF CONGRESS CONTROL NUMBER | |
| LC control number | 2002153470 |
| 020 ## - INTERNATIONAL STANDARD BOOK NUMBER | |
| International Standard Book Number | 1556229518 |
| 040 ## - CATALOGING SOURCE | |
| Transcribing agency | Nust |
| 082 00 - DEWEY DECIMAL CLASSIFICATION NUMBER | |
| Classification number | 794.815,BET |
| 100 1# - MAIN ENTRY--PERSONAL NAME | |
| Personal name | Bethke, Erik. |
| 9 (RLIN) | 69321 |
| 245 10 - TITLE STATEMENT | |
| Title | Game development and production / |
| Statement of responsibility, etc. | Erik Bethke. |
| 260 ## - PUBLICATION, DISTRIBUTION, ETC. | |
| Place of publication, distribution, etc. | Plano, Tex. : |
| Name of publisher, distributor, etc. | Wordware Pub., |
| Date of publication, distribution, etc. | c2003. |
| 300 ## - PHYSICAL DESCRIPTION | |
| Extent | xxi, 412 p. : |
| Other physical details | ill. ; |
| Dimensions | 23 cm. + |
| Accompanying material | 1 CD-ROM (4 3/4 in.) |
| 440 #0 - SERIES STATEMENT/ADDED ENTRY--TITLE | |
| Title | Wordware game developer's library |
| 9 (RLIN) | 99528 |
| 505 ## - FORMATTED CONTENTS NOTE | |
| Formatted contents note | Part.1 Introduction to Game Development (Page-3), Part.2 How to Make a Game (Page-39), Part.3 Game Development (Page-205), Part.4 Game Development Resource Guide (Page-313). |
| 650 #0 - SUBJECT ADDED ENTRY--TOPICAL TERM | |
| Topical term or geographic name entry element | Computer games |
| General subdivision | Design. |
| 9 (RLIN) | 108098 |
| 650 #0 - SUBJECT ADDED ENTRY--TOPICAL TERM | |
| Topical term or geographic name entry element | Computer games |
| General subdivision | Programming. |
| 9 (RLIN) | 82248 |
| 650 #0 - SUBJECT ADDED ENTRY--TOPICAL TERM | |
| Topical term or geographic name entry element | Project management. |
| 942 ## - ADDED ENTRY ELEMENTS (KOHA) | |
| Source of classification or shelving scheme | |
| Koha item type | Book |
| Withdrawn status | Lost status | Source of classification or shelving scheme | Damaged status | Not for loan | Collection code | Permanent Location | Current Location | Date acquired | Total Checkouts | Full call number | Barcode | Date last seen | Price effective from | Koha item type | Shelving location | Date last checked out | Public note |
|---|---|---|---|---|---|---|---|---|---|---|---|---|---|---|---|---|---|
| Military College of Signals (MCS) | Military College of Signals (MCS) | 12/12/2016 | 794.81526 BET | MCS21834 | 12/08/2016 | 12/12/2016 | Book | ||||||||||
| Military College of Signals (MCS) | Military College of Signals (MCS) | 12/12/2016 | 1 | 794.815,BET | MCS31834 | 10/22/2025 | 12/12/2016 | Book | General Stacks | 10/14/2025 | Almirah No.75, Shelf No.3 |
